| 000 | 00498nam a2200169 i 4500 | ||
|---|---|---|---|
| 001 | 58920 | ||
| 003 | ES-MaACL | ||
| 005 | 20230906163923.0 | ||
| 007 | t| | ||
| 008 | 031024s1973 sp ||||1| spa d | ||
| 100 | 1 |
_aEguibar, Mercedes. _946751 |
|
| 245 | 1 | 0 |
_a¿Qué voy a ser? _b: sondeo a la profesión / _cMercedes Eguibar, Pablo A. Carreño. |
| 260 |
_aMadrid : _bRialp, _c[1973] |
||
| 300 |
_a272 p. ; _c24 cm. |
||
| 700 | 1 |
_aCarreño, Pablo A. _935621 |
|
| 852 |
_aES-MaACL _jC-53831 _bR.86928 |
||
| 999 |
_c58920 _d58920 |
||